Statistiques concernant Arrondissements de France les plus vastes

Cliquez ici pour prendre le quiz!

Statistiques générales

  • Ce quiz a été pris 10 fois
  • Le résultat moyen est 9 sur 25

Statistiques - réponses

ArrondissementSurface (en km²)% Correct
Cayenne17 028,9
89%
Mont-de-Marsan6 048,4
67%
Saint-Laurent-du-Maroni40 945
67%
Dax3 194,2
56%
Gap3 410,5
56%
Grenoble4 398,7
56%
Mende3 479,4
56%
Limoges2 944,8
44%
Millau3 741,7
44%
Moulins2 957,9
44%
Orléans2 925,4
44%
Auxerre3 431,8
33%
Dieppe3 120,1
33%
Pontivy2 944,6
33%
Saint-Georges25 560
33%
Troyes3 540,4
33%
Vesoul3 453,9
33%
Béziers3 091,2
22%
Castres3 026,2
22%
Mamers2 904,9
22%
Montbard3 595,9
22%
Nîmes3 158,1
22%
Mayenne2 961,8
11%
Bernay3 226,7
0%
Châteaubriant3 157,6
0%

Distribution des résultats

Percentile par nombre de réponses

% des personnes avec chaque résultat

Votre développement - résultats

Vous n’avez pas pris ce quiz